| 000 | 00814cab a2200277 4500 | ||
|---|---|---|---|
| 001 | ABS54754 | ||
| 008 | 090401t1996 xxu||||| |||| 00| 0 eng d | ||
| 035 | _a(Sirsi) u12148 | ||
| 041 | _aeng | ||
| 100 | _aGray, R. | ||
| 245 | _aToo much of a good thing | ||
| 260 | _c1996 | ||
| 350 | _a0 | ||
| 490 |
_aEstates Gazette _v(961) 9 March 1996, 52-53(2) |
||
| 520 | _aAfter recent criticism by Lord Finsberg, Deputy Chairman of the Commission for New Towns, examines problems resulting from the sell off of government land. | ||
| 650 | _aCOMMISSION FOR THE NEW TOWNS | ||
| 650 | _aDEFENCE LANDS | ||
| 650 | _aDISPOSALS PROGRAMME | ||
| 650 | _aGOVERNMENT PROPERTY | ||
| 650 | _aLAND SALES | ||
| 650 | _aPUBLIC LAND | ||
| 650 | _aSURPLUS LAND | ||
| 690 | _aLAND | ||
| 942 | _n0 | ||
| 948 | _c04/03/1997 | ||
| 999 |
_c7774 _d7774 |
||